Dios es un nuevo lenguaje

Guardat en:
Dades bibliogràfiques
Autor principal: Moore, Sebastián (autor)
Format: Llibre
Idioma:espanyol
Publicat: Salamanca Sígueme 1968
Col·lecció:Colección Hinneni, 87
Matèries:
Etiquetes: Afegir etiqueta
Sense etiquetes, Sigues el primer a etiquetar aquest registre!

MARC

LEADER 00000nam a2200000 a 4500
001 UCL5126
003 CL-VaPUC
008 040305e19680000SP |||||||||||||||||spa|d
082 0 4 |a 230  |b MOO  |2 21 
100 |a Moore, Sebastián  |e autor  |9 482808 
245 1 0 |a Dios es un nuevo lenguaje 
300 |a 217 p 
942 |c BK 
945 |d 20040305 00:00:00  |a vberengu 
260 |a Salamanca  |b Sígueme  |c 1968 
600 0 |a Dios  |9 314467 
650 0 |a Teología cristiana  |9 308336 
583 |a last modification  |c 20040305 00:00:00  |k Rodrigo Vera 
490 0 |a Colección Hinneni, 87 
999 |c 307795  |d 307793 
952 |0 0  |1 0  |4 0  |6 230_000000000000000_MOO_1968  |7 0  |8 A  |9 373918  |a BIBTEO  |b BIBTEO  |d 2019-11-21  |i 210430K  |o 230 MOO 1968  |p 210430K  |r 2025-01-17  |w 2019-11-21  |y BK  |k ICR